Pierre-Jean SIMON, Pour une sociologie des relations interethniques et des minorités. Rennes, Presses universitaires de Rennes, 2006, 347 p. (notice n° 1642072)

détails MARC
000 -LEADER
fixed length control field 02208cam a2200169 4500500
005 - DATE AND TIME OF LATEST TRANSACTION
control field 20260201123605.0
041 ## - LANGUAGE CODE
Language code of text/sound track or separate title fre
042 ## - AUTHENTICATION CODE
Authentication code dc
100 10 - MAIN ENTRY--PERSONAL NAME
Personal name Laberge, Yves
Relator term author
245 00 - TITLE STATEMENT
Title Pierre-Jean SIMON, Pour une sociologie des relations interethniques et des minorités. Rennes, Presses universitaires de Rennes, 2006, 347 p.
260 ## - PUBLICATION, DISTRIBUTION, ETC.
Date of publication, distribution, etc. 2015.<br/>
500 ## - GENERAL NOTE
General note 26
520 ## - SUMMARY, ETC.
Summary, etc. Au cours des années 2000, plusieurs enquêtes ont mis en évidence des résistances et des luttes menées par les cadres contre les pratiques organisationnelles et managériales des entreprises. Cet article interroge les portées et les limites de ces résultats à la lumière de deux enquêtes de terrain réalisées auprès de cadres d’entreprises en France. Il montre que cette catégorie spécifique de salariés n’est certes pas étrangère à l’expression de critiques, aux contournements des règles organisationnelles, voire à des formes de retrait à l’égard du travail. Ces représentations et ces pratiques peuvent cependant difficilement être rassemblées sous les catégories de résistance, de lutte ou de rébellion. Leur portée demeure effectivement relative et limitée au regard des facteurs de consentement qui, eux, subsistent et sont multiples.
520 ## - SUMMARY, ETC.
Summary, etc. During the 2000s, several surveys have highlighted resistances and struggles led by high skilled employees against organizational and managerial practices of companies. This paper questions the impact and limits of these results thanks to two surveys carried out about high skilled employees (executives and engineers) in France. It demonstrates that this specific category of employees is able to express some criticism, to bypass organizational rules and even to exit from their work. However these speeches and practices can hardly be called with terms as resistance, struggle or rebellion. Their impact actually remains relative and limited with regards to factors of consent that persist under many aspects.
786 0# - DATA SOURCE ENTRY
Note L'Homme & la Société | 195-196 | 1 | 2015-05-16 | p. 231d-254d | 0018-4306
856 41 - ELECTRONIC LOCATION AND ACCESS
Uniform Resource Identifier <a href="https://shs.cairn.info/revue-l-homme-et-la-societe-2015-1-page-231d?lang=fr&redirect-ssocas=7080">https://shs.cairn.info/revue-l-homme-et-la-societe-2015-1-page-231d?lang=fr&redirect-ssocas=7080</a>

Pas d'exemplaire disponible.

PLUDOC

PLUDOC est la plateforme unique et centralisée de gestion des bibliothèques physiques et numériques de Guinée administré par le CEDUST. Elle est la plus grande base de données de ressources documentaires pour les Étudiants, Enseignants chercheurs et Chercheurs de Guinée.

Adresse

627 919 101/664 919 101

25 boulevard du commerce
Kaloum, Conakry, Guinée

Réseaux sociaux

Powered by Netsen Group @ 2025